Vinařova moudrost /

Další autoři: Janča, Jan, 1907-1992, Malacka, Emil, 1912-1978
Jazyk: Čeština
Vydáno: Brno : Krajská zemědělská správa, 1967
Fyzický popis: 107 s., příl.
Knihy
Uloženo v:
LEADER 00673nam a22001932a 4500
001 000222340
003 CZ BrMZK
005 20040616093430.0
007 ta
008 010907s1967 xr f cze d
040 |a BOA001  |b cze  |c BOA001 
245 0 0 |a Vinařova moudrost /  |c ilustroval Jan Janča ; k vydání připravil Emil Malacka 
260 |a Brno :  |b Krajská zemědělská správa,  |c 1967 
300 |a 107 s., příl. 
700 1 |a Janča, Jan,  |d 1907-1992  |7 mzk2004229244  |4 ill 
700 1 |a Malacka, Emil,  |d 1912-1978  |7 jz8000775  |4 com 
910 |a BOA001  |b 2-0816.361 
990 |a BK 
996 6 |b 2619914256  |c 2-0816.361  |l MZK  |r Sklad / do 1 hodiny  |n 5  |w 000222340  |u 000010  |a 1  |e BOA001  |j MZK50  |s P